Normal view
MARC view
- Thermocouples
Entry Topical Term
001 - CONTROL NUMBER
- control field: 41085
003 - CONTROL NUMBER IDENTIFIER
- control field: NUST
005 - DATE AND TIME OF LATEST TRANSACTION
- control field: 20210314131949.0
008 - FIXED-LENGTH DATA ELEMENTS
- fixed length control field: 210314|| aca||aabn | a|a d
040 ## - CATALOGING SOURCE
- Original cataloging agency: NUST
- Transcribing agency: NUST
150 ## - HEADING--TOPICAL TERM
- Topical term or geographic name entry element: Thermocouples
670 ## - SOURCE DATA FOUND
- Source citation: Work cat.: (NUST): American Society for Testing Materials. [from old catalog] 41084, A. S. T. M. standards on electrical-heating and resistance alloys (with related information), [1946]
